Sensible footwear : a girl's guide /

সংরক্ষণ করুন:
গ্রন্থ-পঞ্জীর বিবরন
প্রধান লেখক: Charlesworth, Kate
বিন্যাস: গ্রন্থ
ভাষা:ইংরেজি
প্রকাশিত: Oxford : Myriad Editions, 2019
ট্যাগগুলো: ট্যাগ যুক্ত করুন
কোনো ট্যাগ নেই, প্রথমজন হিসাবে ট্যাগ করুন!

MARC

LEADER 00000nam a22000007i 4500
001 IT\ICCU\UBO\4870769
003 ItRI
005 20260115232008.0
008 250404s2019 xxu|||||| ||||| |||||c
020 |a 9780993563348 
040 |b ita  |c importazione bologna sebina 
041 7 |a eng  |2 ISO-639-2 
100 1 |a Charlesworth, Kate  |0 IT\ICCU\UBOV\370547 
240 1 0 |a Sensible footwear  |3 IT\ICCU\UBO\4870770  |9 Charlesworth, Kate 
245 1 0 |a Sensible footwear :  |b a girl's guide /  |c Kate Charlesworth. 
260 |a Oxford :  |b Myriad Editions,  |c 2019 
300 |a 320 p. :  |b fumetti ;  |c 24 cm 
942 |2 ddc  |c BK  |n 0 
952 |0 0  |1 0  |4 0  |6 F_741_500000000000000_CHA  |7 0  |9 18616  |a BO  |b BO  |d 2026-01-15  |i 20567  |l 0  |o F 741.5 CHA  |p BO20567  |r 2026-01-15 23:20:08  |w 2026-01-15  |x [Sebina 5] [1 v.]  |y BK  |z 1 v. 
999 |c 15780  |d 15780